00679 a2200193 450000500170000001000150001702000260003203500140005803700090007208200080008110000360008924500690012526000360019427000590023030000200028994200280030999900190033795201290035620240501152024.0 aENG-140255 a9788195819959c550.00 aEN-123787 bDBAD14a8811 aGupta, Jyotsna Agnihotri9653731 aA Transparency Against the Sunlight/cBy Jyotsna Agnihotri Gupta aKolkatabWriters Workshopc2023 a162/42, Lake Gardens,bCalcutta - 700 045cWest Bengal a137p.c22cm(Hb) adplcEN2ddch881 mGUP c202486d202486 001040708NFICaNPLbNPLd2024-05-01eDBADg550.00l0o881 GUPpEN-123787r2024-05-01 00:00:00t1v550.00w2024-05-01yEN